|
|
|
|
| LEADER |
00685nam a2200193 i 4500 |
| 001 |
c000090697 |
| 003 |
CARM |
| 005 |
00000000000000.0 |
| 008 |
920522s1963 u 00011 eng d |
| 019 |
1 |
|
|a 10155498
|z 26724405
|5 LACONCORD2021
|
| 035 |
|
|
|a (OCoLC)1367943
|5 LACONCORD2021
|
| 082 |
0 |
4 |
|a 813.52
|
| 100 |
1 |
|
|a O'Rourke, Frank,
|d 1916-
|
| 245 |
1 |
4 |
|a The bright morning :
|b a novel.
|
| 260 |
|
|
|a New York :
|b Morrow,
|c 1963.
|
| 300 |
|
|
|a 219p. ;
|c 21cm.
|
| 852 |
8 |
|
|b CARM
|h A2:AB09h0
|i B02343
|p 0102292
|f BK
|
| 999 |
f |
f |
|i 90fdd4c4-289b-5ae2-8c8e-66b68b69a5ef
|s efb3d97c-8973-52cb-8199-2a9a5db8d33d
|
| 952 |
f |
f |
|p Can circulate
|a CAVAL
|b CAVAL
|c CAVAL
|d CARM 1 Store
|e B02343
|f A2:AB09h0
|h Other scheme
|i book
|m 0102292
|